| 000 | 00627nam a2200217Ia 4500 | ||
|---|---|---|---|
| 003 | OSt | ||
| 005 | 20230608110101.0 | ||
| 008 | 210423s2003 xx 000 0 und d | ||
| 040 | _cAL | ||
| 041 | _aeng | ||
| 082 |
_a658.3 PUBP _223 |
||
| 100 |
_aPUBLIC RELATIONS society of India _9122348 |
||
| 245 | _aPublic relations society of india: promoting relationships | ||
| 260 |
_bState Resource Centre _c2003 |
||
| 300 | _bPB | ||
| 365 | _cINR | ||
| 650 |
_aManagement _9122349 |
||
| 650 |
_aPersonnel Management _9122350 |
||
| 906 | _aindia: ; promoting ; Public ; relations ; relationships ; society | ||
| 942 |
_2ddc _cBK |
||
| 999 |
_c173940 _d173940 |
||